Sostenibilidad en interiorismo

שמור ב:
מידע ביבליוגרפי
מחבר ראשי: Moxon, Sian (autora)
פורמט: ספר
שפה:ספרדית
יצא לאור: Barcelona Blume 2012
נושאים:
תגים: הוספת תג
אין תגיות, היה/י הראשונ/ה לתייג את הרשומה!

MARC

LEADER 00000cam a2200000 a 4500
001 UCF6843
003 CL-VaPUC
008 130524e20120000SP |||||||||||||||||spa|d
020 |a 9788498015799 
082 0 4 |a 729.2  |b MOX  |2 21 
100 |a Moxon, Sian  |e autora  |9 568859 
245 1 0 |a Sostenibilidad en interiorismo 
300 |a 192 p 
942 |c BK 
945 |d 20130524 00:00:00  |a dcastane 
260 |a Barcelona  |b Blume  |c 2012 
650 0 |a Diseño de interiores  |9 468938 
650 0 |a Diseño arquitectónico   |9 265271 
650 7 |a DISEÑO DE ESPACIOS  |2 CL-VaPUC  |9 468937 
583 |a last modification  |c 20130524 08:39:00  |k Rodrigo Vera 
999 |c 351898  |d 351896 
952 |0 0  |1 0  |4 0  |6 729_200000000000000_MOX_2012  |7 0  |8 A  |9 456311  |a BIBARQ  |b BIBARQ  |d 2019-11-22  |i 497574K  |l 6  |m 1  |o 729.2 MOX 2012  |p 497574K  |r 2025-01-20  |s 2024-05-07  |w 2019-11-22  |y BK  |k ARQ